|
|
|
|
| LEADER |
00000cam a2200000 a 4500 |
| 001 |
vtls010086749 |
| 003 |
SK-MaSNL |
| 005 |
20260301212837.0 |
| 008 |
230629s2010 xo l d f 000 0 slo |
| 015 |
|
|
|a SNBA2010/07-03863
|
| 020 |
|
|
|a 9788055203614
|q (brož.)
|
| 035 |
|
|
|a 74345BCD-06D6-4932-9565-C994D7AAFE1A
|
| 035 |
|
|
|a urn:nbn:sk:snk-amjwsp
|
| 035 |
|
|
|a urn:nbn:sk:snk-am007zez
|
| 040 |
|
|
|a SNK
|b slo
|c SNK
|e AACR2
|
| 041 |
0 |
|
|a slo
|
| 044 |
|
|
|a xo
|c SK
|
| 072 |
|
7 |
|a 378
|x Vysoké školy
|2 konspekt
|
| 080 |
|
|
|a 378.2
|2 2001
|
| 080 |
|
|
|a 371.279.8
|2 2001
|
| 080 |
|
|
|a (072)
|2 2001
|
| 245 |
0 |
0 |
|a Metodika písania záverečných prác na SPU v Nitre
|c Vladimír Rataj ... [et al.]
|
| 250 |
|
|
|a 1. preprac. vyd.
|
| 260 |
|
|
|a Nitra
|b Slovenská poľnohospodárska univerzita
|c 2010
|
| 300 |
|
|
|a 84 s.
|b tab.
|c 30 cm
|
| 366 |
|
|
|e 800 výt.
|
| 504 |
|
|
|a Bibliogr. s. 71-73
|
| 521 |
|
|
|a Pre študentov SPU
|
| 650 |
0 |
7 |
|a záverečné práce
|2 SNKPH
|9 75084
|
| 650 |
0 |
7 |
|a Professional papers
|2 SNKPHeng
|9 326108
|
| 650 |
0 |
7 |
|a Final theses
|2 SNKPHeng
|9 325921
|
| 650 |
0 |
7 |
|a odborné písomné práce
|2 SNKPH
|9 3504
|
| 650 |
0 |
7 |
|a Academic theses
|2 SNKPHeng
|9 328198
|
| 650 |
0 |
7 |
|a vysokoškolské kvalifikačné práce
|2 SNKPH
|9 4041
|
| 655 |
|
7 |
|a metodické príručky
|2 SNKPH
|9 70250
|
| 655 |
|
7 |
|a Methodological manuals
|2 SNKPHeng
|9 270866
|
| 700 |
1 |
|
|a Rataj, Vladimír,
|d 1952-
|4 aut
|9 101898
|
| 700 |
1 |
|
|a Bellérová, Beáta,
|d 1963-
|4 aut
|9 188444
|
| 700 |
1 |
|
|a Černáková, Eleonóra,
|d 1954-
|4 aut
|9 191694
|
| 700 |
1 |
|
|a Golian, Jozef,
|d 1966-
|4 aut
|9 256685
|
| 700 |
1 |
|
|a Halászová, Klaudia,
|d 1973-
|4 aut
|9 208172
|
| 700 |
1 |
|
|a Hlaváčová, Zlatka
|4 aut
|9 598971
|
| 700 |
1 |
|
|a Trakovická, Anna,
|d 1954-
|4 aut
|9 193023
|
| 700 |
1 |
|
|a Wölczová, Tatiana
|4 aut
|9 483032
|
| 852 |
|
|
|a Štátna vedecká knižnica v Banskej Bystrici
|
| 919 |
|
|
|a 978-80-552-0361-4
|
| 958 |
|
|
|a NB
|
| 968 |
|
|
|d 0
|
| 999 |
|
|
|c 919413
|d 921343
|
| 952 |
|
|
|a SNK
|b SNK
|y PREZ
|7 0
|p 17A0659246
|o snkSB 79492
|i snk2010/10240
|8 0
|0 0
|1 0
|4 0
|d 2010-05-18
|f 1
|l 0
|r 2025-04-30 00:00:00
|w 2026-02-24
|
| 952 |
|
|
|a SNK
|b SNK
|y VYP
|7 0
|p 17A0659247
|o snkSB 79492 D1
|i snk2010/10241
|8 0
|0 0
|1 0
|4 0
|d 2010-05-18
|l 0
|r 2016-06-30 00:00:00
|w 2026-02-24
|